Homicidio y lesiones culposos /

Guardado en:
Autor Principal: Terragni, Marco Antonio
Otros Autores: Zaffaroni, Eugeni Raúl, (prol.)
Formato: Libro
Idioma:Spanish
Publicado: Buenos Aires : Hammurabi, 1979
Materias:
Etiquetas: Agregar Etiqueta
Sin Etiquetas, Sea el primero en etiquetar este registro!
LEADER 00573nam a22001575a 4500
001 DER.der003786
008 180615s1979####ag#||||||||||||||#||spa||
005 20250703174529.0
245 1 0 |a Homicidio y lesiones culposos /  |c Marco Antonio Terragni ; prólogo de Eugenio Raúl Zaffaroni. 
260 |a Buenos Aires :  |b Hammurabi,  |c 1979 
300 |a 159 p. 
500 |a Teoría del delito culposo. Homicidio culposo. Lesiones culposas. 
100 1 |a Terragni, Marco Antonio 
700 1 |a Zaffaroni, Eugeni Raúl,  |e prol. 
650 7 |a DERECHO PENAL 
859 |a DERECHO  |b BIB. DERECHO  |h 345  |i TER  |p 005361